000 00444nam a22001457a 4500
082 _a347.95491
_bNIZ
_cL-32, P-111.
100 _aNizami, Muhammad Mazhar Hasan
_937883
245 _aThe code of civil procedure
_cMuhammad Mazhar Hasan Nizami.
250 _a5th ed.
260 _aLahore:
_bThe All Pakistan Legal Decisions
_c1664
300 _alx, 130 P.:
526 _a0
_b0
_c0
_d347_954910000000000_NIZ
650 _aMCE
_9379
942 _2ddc
_cBK
999 _c542633
_d542633